[Event "Aviles op"]
[Site "Aviles"]
[Date "1992.??.??"]
[Round "?"]
[White "Oll, Lembit"]
[Black "San Segundo Carrillo, Pablo"]
[Result "1-0"]
[WhiteElo "2600"]
[BlackElo "2415"]
[PlyCount "89"]
[EventDate "1992.??.??"]
[EventType "swiss"]
[EventRounds "9"]
[EventCountry "ESP"]
[Source "ChessBase"]
[SourceDate "1998.11.10"]

1. d4 d5 2. c4 c6 3. e3 Nf6 4. Bd3 e5 5. Nc3 e4 6. Bc2 Bb4 7. cxd5 cxd5 8. Bd2
Bxc3 9. Bxc3 Nc6 10. Ne2 Qd6 11. Qd2 O-O 12. O-O Ng4 13. Ng3 h5 14. f4 h4 15.
Nh1 a5 16. Bd1 Nh6 17. Nf2 b6 18. Be2 g6 19. a3 Ba6 20. Bxa6 Rxa6 21. g4 hxg3
22. hxg3 f5 23. Kg2 Kg7 24. b4 Ra7 25. bxa5 bxa5 26. Rfb1 Rb8 27. Rxb8 Qxb8 28.
Qa2 Qd8 29. Rb1 Rd7 30. Qe2 g5 31. Nh3 gxf4 32. Nxf4 Kh7 33. Qb5 Na7 34. Qa6
Rg7 35. Qxh6+ Kxh6 36. Rh1+ Kg5 37. Ne6+ Kf6 38. Nxd8 Nb5 39. Bxa5 Nxa3 40.
Rh6+ Kg5 41. Rh8 Ra7 42. Nc6 Rb7 43. Ne5 Rb2+ 44. Kh3 Kf6 45. Rg8 1-0

[Event "Benasque op"]
[Site "Benasque"]
[Date "1992.??.??"]
[Round "3"]
[White "Perez Aleman, Pedro Tomys"]
[Black "Oll, Lembit"]
[Result "0-1"]
[WhiteElo "2280"]
[BlackElo "2600"]
[PlyCount "71"]
[EventDate "1992.??.??"]
[EventType "swiss"]
[EventRounds "9"]
[EventCountry "ESP"]
[Source "ChessBase"]
[SourceDate "2003.11.25"]

1. c4 e5 2. Nc3 Nf6 3. Nf3 d6 4. g3 g6 5. d3 Bg7 6. Bg2 O-O 7. O-O Nbd7 8. Rb1
Nc5 9. b4 Ne6 10. Bb2 Nh5 11. e4 h6 12. Nd5 c6 13. Ne3 a5 14. a3 Nf6 15. Bc3
axb4 16. axb4 Nd7 17. Ra1 Rxa1 18. Qxa1 c5 19. b5 Nd4 20. Qb2 Kh7 21. Ra1 Nf6
22. Ra7 Qc7 23. Be1 Be6 24. Nxd4 exd4 25. e5 dxe5 26. Rxb7 Qc8 27. Nf1 e4 28.
Ra7 exd3 29. Qb3 Qb8 30. Rb7 Qe5 31. Bd2 Qe2 32. f3 Nd7 33. f4 Nf6 34. Re7 Ng4
35. f5 Qf2+ 36. Kh1 0-1

[Event "Oviedo rapid45"]
[Site "Oviedo"]
[Date "1992.??.??"]
[Round "2"]
[White "Rajcsanyi, Zita"]
[Black "Oll, Lembit"]
[Result "0-1"]
[WhiteElo "2100"]
[BlackElo "2600"]
[PlyCount "50"]
[EventDate "1992.??.??"]
[EventType "swiss (rapid)"]
[EventRounds "11"]
[EventCountry "ESP"]
[Source "ChessBase"]
[SourceDate "1994.03.01"]

1. e4 d6 2. d4 g6 3. Nc3 Bg7 4. f4 e6 5. Nf3 Ne7 6. Bd3 Nd7 7. O-O a6 8. Ne2
O-O 9. f5 exf5 10. exf5 Nf6 11. Nh4 Ned5 12. fxg6 fxg6 13. Bg5 Qe8 14. Qd2 Ne4
15. Rxf8+ Kxf8 16. Rf1+ Kg8 17. Bxe4 Qxe4 18. Nf3 Bg4 19. Ng3 Qe8 20. h3 Bxf3
21. Rxf3 Qa4 22. Ne2 Re8 23. a3 Qb5 24. Nc3 Nxc3 25. Qxc3 Qxg5 0-1

[Event "Oviedo rapid45"]
[Site "Oviedo"]
[Date "1992.??.??"]
[Round "4"]
[White "Urday Caceres, Henry"]
[Black "Oll, Lembit"]
[Result "1-0"]
[WhiteElo "2480"]
[BlackElo "2600"]
[PlyCount "73"]
[EventDate "1992.??.??"]
[EventType "swiss (rapid)"]
[EventRounds "11"]
[EventCountry "ESP"]
[Source "ChessBase"]
[SourceDate "1994.03.01"]

1. c4 e6 2. Nf3 d5 3. b3 Nf6 4. g3 Be7 5. Bg2 O-O 6. O-O c5 7. Bb2 Nc6 8. e3
Re8 9. d4 dxc4 10. bxc4 Rb8 11. Nc3 a6 12. Rc1 cxd4 13. exd4 Na7 14. Ne5 b5 15.
c5 Bf8 16. Qe2 Qc7 17. Rfd1 Bb7 18. c6 Bc8 19. Ne4 Nd5 20. Nc5 Bxc5 21. Rxc5
Nb6 22. Rdc1 Na4 23. R5c2 Nxb2 24. Rxb2 b4 25. Nd3 a5 26. Nc5 Nb5 27. d5 Nc3
28. Qe3 h6 29. Rd2 Nb5 30. Rcd1 Nd6 31. dxe6 Bxe6 32. Rxd6 Bxa2 33. Qd2 Bc4 34.
Qd4 Be2 35. Re1 b3 36. Rd7 Qb6 37. Qd5 1-0

[Event "Oviedo rapid45"]
[Site "Oviedo"]
[Date "1992.??.??"]
[Round "5"]
[White "Oll, Lembit"]
[Black "Westerinen, Heikki"]
[Result "1/2-1/2"]
[WhiteElo "2600"]
[BlackElo "2430"]
[PlyCount "70"]
[EventDate "1992.??.??"]
[EventType "swiss (rapid)"]
[EventRounds "11"]
[EventCountry "ESP"]
[Source "ChessBase"]
[SourceDate "1994.03.01"]

1. d4 d5 2. Nf3 c5 3. e3 Nf6 4. c4 cxd4 5. Nxd4 e5 6. Nb3 Nc6 7. cxd5 Qxd5 8.
Qxd5 Nxd5 9. a3 Be6 10. N1d2 Rc8 11. Nc4 Be7 12. Bd2 O-O 13. Be2 b5 14. Nca5
Nxa5 15. Nxa5 Rc2 16. b4 Rd8 17. Bd1 Rc7 18. Bf3 f5 19. e4 Nf4 20. Bxf4 exf4
21. O-O Bf6 22. e5 Be7 23. Nc6 Rdc8 24. Nd4 Bc4 25. Rfc1 g6 26. a4 a6 27. axb5
axb5 28. Ra8 Rxa8 29. Bxa8 Ra7 30. Bc6 Bxb4 31. Nxb5 Bxb5 32. Bxb5 Kf7 33. g3
f3 34. Bc4+ Ke7 35. Bd5 Bc3 1/2-1/2

[Event "Oviedo rapid45"]
[Site "Oviedo"]
[Date "1992.??.??"]
[Round "6"]
[White "Gil Gonzales, Jose Manuel"]
[Black "Oll, Lembit"]
[Result "1/2-1/2"]
[WhiteElo "2375"]
[BlackElo "2600"]
[PlyCount "81"]
[EventDate "1992.??.??"]
[EventType "swiss (rapid)"]
[EventRounds "11"]
[EventCountry "ESP"]
[Source "ChessBase"]
[SourceDate "1994.03.01"]

1. d4 Nf6 2. Bg5 e6 3. e4 h6 4. Bxf6 Qxf6 5. Nf3 d6 6. e5 dxe5 7. dxe5 Qf4 8.
Nbd2 Nc6 9. Bb5 Bd7 10. Qe2 Bb4 11. O-O-O a6 12. Bd3 O-O-O 13. h4 Be7 14. Kb1
Nd4 15. Nxd4 Qxd4 16. Nb3 Qa4 17. Qf3 Rhf8 18. Be4 c6 19. h5 f5 20. exf6 gxf6
21. Qe3 f5 22. Bf3 Rf6 23. Rd4 Qb5 24. a4 f4 25. Rxf4 Qg5 26. Rxf6 Qxe3 27.
fxe3 Bxf6 28. Nc5 Bg5 29. Bg4 Bxe3 30. Nxd7 Kxd7 31. Re1 Rg8 32. Bxe6+ Kxe6 33.
Rxe3+ Kd7 34. Rb3 Kc7 35. Rf3 Rg5 36. g4 Rxg4 37. Rf6 Rxa4 38. Rxh6 Rh4 39.
Rh7+ Kb6 40. h6 a5 41. Rh8 1/2-1/2

[Event "Oviedo rapid45"]
[Site "Oviedo"]
[Date "1992.??.??"]
[Round "7"]
[White "Oll, Lembit"]
[Black "Guimaraes, Jorge"]
[Result "1-0"]
[WhiteElo "2600"]
[BlackElo "2305"]
[PlyCount "49"]
[EventDate "1992.??.??"]
[EventType "swiss (rapid)"]
[EventRounds "11"]
[EventCountry "ESP"]
[Source "ChessBase"]
[SourceDate "1994.03.01"]

1. d4 Nf6 2. c4 e6 3. Nf3 b6 4. g3 Ba6 5. Nbd2 c5 6. Bg2 Bb7 7. e4 Nxe4 8. Ne5
Nc3 9. Qh5 g6 10. Qh3 Nd5 11. cxd5 exd5 12. O-O Bg7 13. dxc5 bxc5 14. Nd3 d6
15. Re1+ Kf8 16. Nf4 Bc8 17. g4 Nd7 18. Bxd5 Rb8 19. Qg3 Ne5 20. h3 h5 21. g5
h4 22. Qg2 Bf5 23. a3 Qc8 24. Ne4 Qd7 25. Be3 1-0

[Event "Seville op"]
[Site "Seville"]
[Date "1992.??.??"]
[Round "3"]
[White "Oll, Lembit"]
[Black "Kovacevic, Vlatko"]
[Result "1-0"]
[WhiteElo "2600"]
[BlackElo "2545"]
[PlyCount "117"]
[EventDate "1992.??.??"]
[EventType "swiss"]
[EventRounds "9"]
[EventCountry "ESP"]
[Source "ChessBase"]
[SourceDate "1992.08.01"]

1. e4 c5 2. Nf3 e6 3. d4 cxd4 4. Nxd4 a6 5. c4 Nf6 6. Nc3 Qc7 7. Bd3 b6 8. Qe2
d6 9. O-O Bb7 10. f4 Be7 11. Nf3 O-O 12. e5 Ne8 13. Be4 Nd7 14. Bxb7 Qxb7 15.
Be3 Rc8 16. Bd4 g6 17. Ne4 b5 18. cxb5 axb5 19. Rfc1 d5 20. Ned2 Ng7 21. Nb3
Rxc1+ 22. Rxc1 Ra8 23. Qc2 Ne8 24. a3 b4 25. axb4 Qxb4 26. Qc6 Rd8 27. Nfd2 h5
28. Ra1 Bf8 29. Ra7 Nb8 30. Qb6 Qxb6 31. Bxb6 Nc6 32. Rb7 Rb8 33. Rxb8 Nxb8 34.
Nc5 Nc6 35. Nd7 Be7 36. Nf3 Nb4 37. Bc5 Bxc5+ 38. Nxc5 Nc7 39. Kf2 Na8 40. Ke3
Nb6 41. b3 Kf8 42. Nd3 Na6 43. Kd4 Ke7 44. b4 Na4 45. Nc5 N4xc5 46. bxc5 Nb4
47. Kc3 Nc6 48. Kb3 Kd7 49. Ka4 Kc7 50. Ng5 Nd4 51. Nxf7 Ne2 52. g3 h4 53. Ng5
Kd7 54. Kb5 Nc3+ 55. Ka5 hxg3 56. hxg3 Ne2 57. Kb6 Kc8 58. c6 d4 59. Ne4 1-0

[Event "Seville op"]
[Site "Seville"]
[Date "1992.??.??"]
[Round "6"]
[White "Yudasin, Leonid"]
[Black "Oll, Lembit"]
[Result "1/2-1/2"]
[WhiteElo "2580"]
[BlackElo "2600"]
[Annotator "Boensch,U"]
[PlyCount "58"]
[EventDate "1992.??.??"]
[EventType "swiss"]
[EventRounds "9"]
[EventCountry "ESP"]
[Source "ChessBase"]
[SourceDate "1992.08.01"]

1. e4 c5 2. Nf3 d6 3. d4 cxd4 4. Nxd4 Nf6 5. Nc3 a6 6. Bg5 e6 7. f4 Qb6 8. Nb3
Be7 9. Be2 Nbd7 10. Qd3 Qc7 11. Bf3 Rb8 $5 {N} (11... h6 12. Bxf6 Nxf6 13.
O-O-O e5 14. f5 Bd7 15. Kb1 b5 16. Nd2 Rc8 17. h4 h5 18. Nd5 Nxd5 19. exd5 Qb6
20. Be4 Bf6 21. Qf3 Ke7 22. g3 a5 23. Bd3 a4 {
1/2 Ljubojevic,L-Georgiev,Ki Novi Sad olm 1990}) 12. O-O-O b5 13. Bxf6 (13. g4
$5) 13... Nxf6 14. g4 b4 15. Ne2 e5 $1 16. f5 Nd7 17. Kb1 a5 18. Ng3 a4 19. Nd2
O-O 20. h4 a3 21. b3 Ba6 $1 (21... Qa7 22. Nc4 Ba6 23. Qe3 Qc7 24. Be2 $16) 22.
Qxa6 (22. Qe3 Rfc8 $40) 22... Qc3 23. Nc4 Nc5 (23... Qxf3 24. Qa7 Qxg3 25. Qxd7
$10) 24. Qa7 Qxf3 (24... Rb7 $2 25. Qxb7 $1 Nxb7 26. Rd3 $18) 25. Qxe7 Qxg3 26.
Rhg1 Qf3 27. Rgf1 Qg3 (27... Qc3 $2 28. Rfe1 $16 {/\ Re3}) (27... Qxg4 $4 28.
Rg1 Qf3 29. Rxg7+ $18) (27... Qxe4 $2 28. Nxd6 $16) 28. Rg1 Qf3 29. Rgf1 Qg3 {
Boensch} 1/2-1/2

[Event "Seville op"]
[Site "Seville"]
[Date "1992.??.??"]
[Round "7"]
[White "Oll, Lembit"]
[Black "Tal, Mihail"]
[Result "1-0"]
[WhiteElo "2600"]
[BlackElo "2525"]
[Annotator "Ernst"]
[PlyCount "81"]
[EventDate "1992.??.??"]
[EventType "swiss"]
[EventRounds "9"]
[EventCountry "ESP"]
[Source "ChessBase"]
[SourceDate "1992.08.01"]

1. e4 {Bulletin} e6 2. d4 d5 3. Nd2 dxe4 4. Nxe4 Nd7 5. Nf3 Be7 6. Bf4 (6. Bd3
Ngf6 7. Nxf6+ Bxf6 8. O-O O-O 9. c3 c5 10. Qc2 g6 11. Bf4 cxd4 12. cxd4 Nb6 13.
Be4 Nd5 14. Be5 $16 {Speelman - Hodgson, New York 1990.}) 6... Ngf6 7. Nxf6+
Nxf6 8. Bd3 c5 9. dxc5 Qa5+ 10. c3 Qxc5 11. O-O O-O 12. Ne5 Nd5 (12... b6 {
Bulletin} 13. Qf3 Rb8 14. Nc6) 13. Bg3 g6 14. Qc2 Rd8 15. Be4 Bd7 16. Rfe1 Be8
17. Qb3 b5 18. Rad1 a5 19. a3 Ra7 (19... Rac8 {Bulletin} 20. Bxd5 Rxd5 21. Rxd5
Qxd5 22. Qxd5 exd5 23. Nxg6 Bxa3 24. Nf4 Bxb2 25. Nxd5 Ba3 26. Nf6+ Kf8 27. Bf4
$18) 20. Bxd5 Rxd5 21. Rxd5 Qxd5 22. Qxd5 exd5 23. Nd3 $14 f6 24. f3 Kf7 25.
Bf2 Rb7 26. b4 Rb8 27. bxa5 Ra8 28. Bb6 Bxa3 29. Ra1 Bd6 30. a6 $1 {
Ein gefährlicher Freibauer.} Bc6 31. Bd4 Ke6 32. a7 Rc8 33. Ra6 Kd7 34. Bxf6
$16 Ba8 35. Rb6 Rc7 36. Bd4 Rb7 37. Ra6 b4 38. Bc5 $1 $18 bxc3 39. Rxd6+ Kc7
40. Re6 Rb1+ 41. Re1 1-0

[Event "Tallinn"]
[Site "Tallinn"]
[Date "1992.??.??"]
[Round "?"]
[White "Gipslis, Aivars"]
[Black "Oll, Lembit"]
[Result "0-1"]
[WhiteElo "2465"]
[BlackElo "2600"]
[PlyCount "104"]
[EventDate "1992.??.??"]
[EventType "game"]
[EventCountry "EST"]
[Source "ChessBase"]
[SourceDate "2009.11.30"]

1. e4 c5 2. Nf3 d6 3. d4 Nf6 4. Nc3 cxd4 5. Nxd4 a6 6. Be3 e6 7. Qd2 b5 8. f3
Nbd7 9. g4 Nb6 10. O-O-O Bb7 11. Bd3 Rc8 12. Kb1 Be7 13. h4 Nfd7 14. g5 b4 15.
Nce2 d5 16. Ng3 Qc7 17. f4 dxe4 18. Bxe4 Bxe4 19. Nxe4 O-O 20. f5 Nc4 21. Qe2
Nxe3 22. Qxe3 e5 23. Nb3 Qxc2+ 24. Ka1 Nc5 25. Nexc5 Bxc5 26. Qxe5 Rfe8 27. Qd5
Be3 28. Rhe1 Bf4 29. Rxe8+ Rxe8 30. Na5 g6 31. fxg6 hxg6 32. Nc4 Rc8 33. b3
Rxc4 34. bxc4 Bc1 35. Qd8+ Kh7 36. Qd4 Bb2+ 37. Qxb2 Qxd1+ 38. Qb1 Qd4+ 39. Qb2
Qxc4 40. Qd2 Qxh4 41. Qd5 Qe1+ 42. Kb2 Qc3+ 43. Kb1 Kg7 44. Qa5 Qd3+ 45. Ka1
Qb5 46. Qd8 Qe5+ 47. Kb1 a5 48. Qd2 Qc3 49. Qd5 a4 50. Qd8 b3 51. axb3 Qxb3+
52. Ka1 Qc3+ 0-1

[Event "Ibercaja op"]
[Site "Zaragoza"]
[Date "1992.??.??"]
[Round "?"]
[White "Comas Fabrego, Luis"]
[Black "Oll, Lembit"]
[Result "0-1"]
[WhiteElo "2445"]
[BlackElo "2600"]
[PlyCount "102"]
[EventDate "1992.04.??"]
[EventType "swiss"]
[EventRounds "9"]
[EventCountry "ESP"]
[Source "ChessBase"]
[SourceDate "1994.03.01"]

1. d4 Nf6 2. c4 d6 3. Nc3 Nbd7 4. Nf3 c6 5. e3 g6 6. Be2 Bg7 7. O-O O-O 8. b4
c5 9. bxc5 dxc5 10. Bb2 Ne8 11. Qb3 Nd6 12. Rad1 cxd4 13. exd4 b6 14. Nb5 Nf5
15. d5 Nc5 16. Qc2 Bxb2 17. Qxb2 Nd6 18. Nbd4 Ba6 19. Qc1 Qc7 20. h4 Rae8 21.
Qh6 f6 22. Rfe1 e5 23. dxe6 Nxe6 24. Nxe6 Rxe6 25. Qf4 Ne8 26. Qc1 Ng7 27. h5
Nxh5 28. Nd4 Re5 29. f4 Re7 30. Bxh5 Rxe1+ 31. Rxe1 Qc5 32. Qe3 gxh5 33. Kh2
Bxc4 34. Rc1 b5 35. Qg3+ Kf7 36. Rd1 Rg8 37. Qh3 Rg4 38. Nf3 Qf5 39. Rd4 Bxa2
40. Nh4 Qc5 41. Rd7+ Kg8 42. g3 Bd5 43. Rd8+ Kf7 44. Qf1 Qc2+ 45. Kh3 Be6 46.
f5 Rxh4+ 47. gxh4 Bxf5+ 48. Kg3 Qc7+ 49. Qf4 Qxd8 50. Qxf5 Qd6+ 51. Kg2 Qd2+
0-1

[Event "Ibercaja op"]
[Site "Zaragoza"]
[Date "1992.??.??"]
[Round "?"]
[White "Foisor, Cristina Adela B"]
[Black "Oll, Lembit"]
[Result "0-1"]
[WhiteElo "2375"]
[BlackElo "2600"]
[PlyCount "76"]
[EventDate "1992.04.??"]
[EventType "swiss"]
[EventRounds "9"]
[EventCountry "ESP"]
[Source "ChessBase"]
[SourceDate "1994.03.01"]

1. c4 e5 2. g3 Nf6 3. Bg2 d5 4. cxd5 Nxd5 5. Nc3 Ne7 6. Nf3 Nbc6 7. O-O g6 8.
d4 exd4 9. Nb5 Bg7 10. Bf4 Nd5 11. Bg5 Qd7 12. e4 Ndb4 13. Bf4 Na6 14. e5 d3
15. Rc1 O-O 16. Rc3 Nxe5 17. Bxe5 Bxe5 18. Nxe5 Qxb5 19. Nxd3 c6 20. a4 Qb6 21.
Qa1 Bf5 22. Qa3 Rad8 23. Ne5 Rfe8 24. Nc4 Qc7 25. b4 Rd4 26. Ne3 Nxb4 27. Nxf5
gxf5 28. Rc5 Re5 29. Qc3 Qd6 30. Rxe5 Qxe5 31. Re1 Qd6 32. Re8+ Kg7 33. h4 Nd3
34. Bh3 Qc5 35. Qa1 f4 36. Bf1 Ne5 37. gxf4 Nf3+ 38. Kg2 Qh5 0-1

[Event "Ibercaja op"]
[Site "Zaragoza"]
[Date "1992.??.??"]
[Round "?"]
[White "Oll, Lembit"]
[Black "Garcia, Gildardo"]
[Result "1/2-1/2"]
[WhiteElo "2600"]
[BlackElo "2485"]
[PlyCount "134"]
[EventDate "1992.04.??"]
[EventType "swiss"]
[EventRounds "9"]
[EventCountry "ESP"]
[Source "ChessBase"]
[SourceDate "1994.03.01"]

1. e4 e5 2. Nf3 Nc6 3. Bb5 a6 4. Ba4 Nf6 5. O-O Nxe4 6. d4 b5 7. Bb3 d5 8. dxe5
Be6 9. Nbd2 Nc5 10. c3 Bg4 11. Bc2 Be7 12. Re1 O-O 13. Nb3 Ne6 14. h3 Bh5 15.
Bf5 Bg6 16. Qd3 Qd7 17. Be3 Bxf5 18. Qxf5 Rad8 19. Rad1 f6 20. exf6 Bxf6 21.
Qg4 Rfe8 22. Bc1 Qd6 23. Re2 Re7 24. Rde1 Rde8 25. Nh4 Bxh4 26. Qxh4 a5 27. Qh5
a4 28. Nd2 g6 29. Qg4 Nc5 30. Rxe7 Rxe7 31. Rxe7 Nxe7 32. Qe2 c6 33. Nf3 Ne4
34. Ng5 Nxg5 35. Bxg5 Kf7 36. Qf3+ Ke8 37. Qe3 Kf7 38. Qa7 Ke6 39. Qd4 a3 40.
b4 Kf7 41. Qh8 h5 42. Qh7+ Kf8 43. Be3 Qf6 44. Bc5 h4 45. Bd4 Qf4 46. Qg7+ Ke8
47. Be3 Qf7 48. Qh8+ Kd7 49. Qxh4 Nf5 50. Qh8 d4 51. Bg5 dxc3 52. Qd8+ Ke6 53.
Qd3 Qg7 54. g4 Nd6 55. Qe3+ Qe5 56. Qc1 Ne4 57. Be3 Qd5 58. Qxa3 c2 59. Qa8
c1=Q+ 60. Bxc1 Qd1+ 61. Kg2 Qxc1 62. Qe8+ Kd5 63. Qf7+ Ke5 64. Qe7+ Kd5 65.
Qf7+ Kd4 66. Qd7+ Ke5 67. Qe7+ Kd5 1/2-1/2

[Event "Ibercaja op"]
[Site "Zaragoza"]
[Date "1992.??.??"]
[Round "?"]
[White "Oll, Lembit"]
[Black "Strikovic, Aleksa"]
[Result "1-0"]
[WhiteElo "2600"]
[BlackElo "2480"]
[PlyCount "81"]
[EventDate "1992.04.??"]
[EventType "swiss"]
[EventRounds "9"]
[EventCountry "ESP"]
[Source "ChessBase"]
[SourceDate "1994.03.01"]

1. c4 e5 2. g3 g6 3. Bg2 Bg7 4. Nc3 Nf6 5. Nf3 d6 6. d4 Nbd7 7. O-O O-O 8. e4
c6 9. b3 Re8 10. h3 a5 11. Re1 Qc7 12. Be3 exd4 13. Bxd4 Ne5 14. Nh2 g5 15. Qd2
h6 16. Rad1 g4 17. hxg4 Nfxg4 18. Nf1 f5 19. f4 c5 20. Nb5 Qb6 21. Bc3 Nf7 22.
Bxg7 Kxg7 23. Qc3+ Kg8 24. exf5 Bxf5 25. Bd5 Rxe1 26. Qxe1 Rd8 27. Qe7 Rd7 28.
Bxf7+ Kg7 29. Qxd6 Qd8 30. Be6 Rxd6 31. Nxd6 Kf8 32. Bxf5 Nf6 33. Ne3 Qe7 34.
Kf2 h5 35. Kf3 b6 36. a4 h4 37. gxh4 Nh5 38. Bg4 Nf6 39. h5 Qg7 40. Ndf5 Qb7+
41. Nd5 1-0

[Event "Dos Hermanas"]
[Site "Dos Hermanas"]
[Date "1992.??.??"]
[Round "1"]
[White "Oll, Lembit"]
[Black "Rodriguez Talavera, Juan Carlos"]
[Result "1-0"]
[WhiteElo "2600"]
[BlackElo "2375"]
[Annotator "Ernst"]
[PlyCount "49"]
[EventDate "1992.05.??"]
[EventType "tourn"]
[EventRounds "9"]
[EventCountry "ESP"]
[EventCategory "10"]
[Source "ChessBase"]
[SourceDate "1992.12.01"]

1. e4 e5 2. Nf3 Nc6 3. Bb5 a6 4. Ba4 Nf6 5. O-O Be7 6. Re1 b5 7. Bb3 d6 8. c3
O-O 9. h3 Bb7 10. d4 Re8 11. a4 Bf8 $6 (11... h6 $1 12. Nbd2 exd4 13. cxd4 Nb4
14. Qe2 Bf8 15. e5 dxe5 $1 16. dxe5 Qd3 $1 17. Qxd3 Nxd3 18. Re3 Nxc1 19. Rxc1
Nd5 20. Bxd5 Bxd5 21. axb5 axb5 22. Rxc7 Ra1+ 23. Kh2 Ra2 $44 {
Aseev-A.Ivanov, Kostroma 1985.}) (11... Qd7 12. Nbd2 Bf8 13. axb5 axb5 14. Rxa8
Bxa8 15. d5 Ne7 16. Nf1 h6 17. Ng3 c6 18. dxc6 Bxc6 19. Nh2 d5 20. Nh5 {
Timman,J-Karpov,An (7)/Kuala Lumpur cf/1990/1/2-1/2/43/}) 12. d5 Ne7 (12... Na5
13. Ba2 c6 14. Na3 {>= b2-b4} (14. dxc6 Bxc6 15. axb5 axb5 16. Bg5 Be7 17. Bxf6
Bxf6 18. Na3 Qd7 19. Bd5 Qb7 20. Bxc6 Qxc6 21. Nc2 Nc4 22. Nb4 $10 {
Solomon,S-Barus,C/Thessaloniki olm/1988/1/2-1/2/63/}) 14... cxd5 (14... Rc8 15.
axb5 axb5 16. b4 $14) 15. exd5 e4 $5 (15... Qd7 16. Bg5 e4 17. Nh2 bxa4 18.
Bxf6 gxf6 19. Nc4 Nxc4 20. Bxc4 f5 21. Rxa4 Bh6 22. Bb3 Re7 23. Nf1 Bc8 24. Rc4
Rb8 25. Ba4 Qd8 $13 {De Firmian,N-Granda Zuniga,J/Los Angeles/1987/}) (15...
bxa4 16. Qxa4 Nxd5 (16... Bxd5 17. Bxd5 Nxd5 18. Nc2 Nb7 19. Qc6 $18) 17. Ng5
$1 Re7 (17... h6 18. Nxf7 $1 $18 Kxf7 19. Rd1 Kg8 20. Rxd5 Bxd5 21. Bxd5+ Kh8
22. Bxa8 Qxa8 23. Qxa5) 18. b4 Nxc3 19. Qc2 $1 $18 {/\ Qxh7#}) (15... Rc8 $6
16. axb5 axb5 17. Nxb5 $6 Rc5) 16. Nd4 Nc4 17. Nxc4 bxc4 18. Bxc4 Qc7 19. Qb3
Rac8 20. Nc6 Nxd5 21. Bxd5 Bxc6 22. Be3 $14 {Oll,L-Granda Zuniga,J/ESP/1991/})
(12... Nb8 $5) 13. axb5 (13. Bg5) 13... axb5 14. Rxa8 Bxa8 15. Na3 Qd7 16. Bg5
$16 c6 17. dxc6 Bxc6 18. Nc2 Qb7 19. Bxf6 gxf6 20. Nd2 Ng6 21. Nb4 Nf4 22. h4
Ng6 23. h5 Nf4 24. Nxc6 Qxc6 25. Qg4+ 1-0

[Event "Dos Hermanas"]
[Site "Dos Hermanas"]
[Date "1992.??.??"]
[Round "2"]
[White "Montecatine Rios, Ricardo"]
[Black "Oll, Lembit"]
[Result "1/2-1/2"]
[WhiteElo "2345"]
[BlackElo "2600"]
[PlyCount "190"]
[EventDate "1992.05.??"]
[EventType "tourn"]
[EventRounds "9"]
[EventCountry "ESP"]
[EventCategory "10"]
[Source "ChessBase"]
[SourceDate "1992.12.01"]

1. c4 e6 2. Nc3 Bb4 3. d4 d5 4. cxd5 exd5 5. Qa4+ Nc6 6. e3 Nge7 7. a3 Bxc3+ 8.
bxc3 O-O 9. Bd3 Bf5 10. Bxf5 Nxf5 11. Nf3 Qd7 12. O-O Rad8 13. Qc2 Nd6 14. Nd2
Na5 15. f3 f5 16. Bb2 Rde8 17. Rae1 Qc6 18. Re2 Nac4 19. Nxc4 Nxc4 20. Rfe1 a6
21. Bc1 b5 22. h3 Rf7 23. e4 fxe4 24. fxe4 Qg6 25. a4 Nd6 26. axb5 axb5 27. e5
Ne4 28. Ba3 Rf3 29. Qb3 Rf7 30. Qxb5 c6 31. Qb3 Qg3 32. Re3 Qf2+ 33. Kh2 Nd2
34. Qd1 Nf1+ 35. Rxf1 Qxf1 36. Qxf1 Rxf1 37. e6 Rf6 38. e7 Kf7 39. Kg3 Ra8 40.
Bb4 Ke8 41. Re2 Ra1 42. Bc5 Rc1 43. Bb4 Rf7 44. Re6 Rf6 45. Re2 Ra1 46. Bc5 Ra8
47. Bb4 Kf7 48. Re3 g5 49. Re5 h6 50. Re2 h5 51. Kh2 h4 52. Re1 Rf2 53. Kg1 Rf5
54. Bc5 Rg8 55. Re2 Ra8 56. Re1 Rb8 57. Bd6 Rg8 58. Re2 Ke8 59. Bb4 Kf7 60. Bc5
Re8 61. Re3 Rf4 62. Bd6 Re4 63. Rf3+ Ke6 64. Bb4 Rf4 65. Re3+ Kd7 66. Re1 Ra8
67. Re5 Rg8 68. Re2 Ra8 69. Re5 Rf6 70. Re1 Re6 71. Rxe6 Kxe6 72. Kf2 Ra2+ 73.
Kf3 Kf7 74. g3 hxg3 75. Kxg3 Re2 76. h4 gxh4+ 77. Kxh4 Rg2 78. Kh3 Rg1 79. Kh2
Rg7 80. Kh3 Ke8 81. Kh4 Kd7 82. Kh3 Rg8 83. Kh4 Ke6 84. Kh3 Kf6 85. Kh4 Kf5 86.
Bc5 Ke6 87. Bb4 Kf7 88. Kh3 Rg6 89. Kh4 Ke8 90. Kh3 Kd7 91. Kh4 Rg1 92. Kh3 Rc1
93. Kg4 c5 94. Bxc5 Rxc3 95. Kf4 Rxc5 1/2-1/2

[Event "Dos Hermanas"]
[Site "Dos Hermanas"]
[Date "1992.??.??"]
[Round "3"]
[White "Oll, Lembit"]
[Black "Campora, Daniel Hugo"]
[Result "0-1"]
[WhiteElo "2600"]
[BlackElo "2550"]
[Annotator "Hertneck"]
[PlyCount "96"]
[EventDate "1992.05.??"]
[EventType "tourn"]
[EventRounds "9"]
[EventCountry "ESP"]
[EventCategory "10"]
[Source "ChessBase"]
[SourceDate "1992.12.01"]

1. d4 d5 2. c4 c6 3. Nf3 Nf6 4. Nc3 dxc4 5. a4 Bf5 6. e3 e6 7. Bxc4 Bb4 8. O-O
O-O 9. Qe2 Ne4 10. Na2 Bd6 (10... Be7 {ECO D19/2}) 11. Bd3 (11. Ne5 Qc7 12. f3
Bxe5 13. dxe5 Nc5 14. e4 $16 {Hertneck-Seegers, Dortmund op 1988}) (11. b4 $6
Nd7 12. Bb2 $6 Bg4 13. h3 Bxf3 14. gxf3 Qg5+ 15. Kh1 Qh4 $40 {
Ftacnik-Campora, Vrsac 1981}) 11... Bg6 12. Qc2 $5 {N} (12. Nc3 Ng5 13. Ne1 e5
(13... f5 14. f4 Nf7 15. Bc4 $16 {Botwinnik-Ragozin, Leningrad 1940 (ECO)}) 14.
dxe5 Bxe5 15. Bxg6 hxg6 16. e4 $14 {Ilic-Campora, Nis 1985 (ECO)}) 12... Ng5
13. Nd2 (13. Ne1 $5) 13... Bxd3 14. Qxd3 h6 15. f4 Nh7 16. Nc4 (16. e4 c5 $132)
(16. b4 $142) 16... Be7 17. f5 c5 18. fxe6 fxe6 19. Rxf8+ Nxf8 20. Qb3 Nc6 $1
$10 21. dxc5 (21. Qxb7 $6 Rc8 22. dxc5 Nd7 23. b4 $2 Nxc5 $17) 21... Bxc5 22.
Bd2 (22. Qxb7 Qd1+ 23. Kf2 Qc2+ $13) 22... Qd5 23. Nc3 Qd3 24. Qb5 Nd7 25. Qxb7
Rd8 26. Qxc6 Qxc4 27. Qe4 Nb6 28. a5 Rxd2 29. axb6 Qxe4 30. Nxe4 Bxe3+ 31. Kf1
Rd7 32. bxa7 Bxa7 33. Ke2 Rb7 34. Ra2 Bd4 35. Kd3 Rb4 36. h3 Bxb2 37. Nc5 e5
38. Ra8+ Kh7 39. Re8 Kg6 40. Re6+ Kf5 41. Re7 Rd4+ 42. Ke2 Rc4 43. Nd3 Rc2+ 44.
Kf3 Bd4 45. Re8 Rd2 46. g4+ Kf6 47. Ke4 Rh2 48. Rf8+ Kg5 0-1